000 00907nam a2200277 i 4500
003 EG-ScBUE
005 20241212112827.0
008 170718s2024 ua f f000 h ara d
017 _a13639
020 _a9789778726190
040 _aEG-ScBUE
_bara
_erda
_cEG-ScBUE
_dEG-ScBUE
082 0 4 _a398.22
_bج و د
_222
245 0 0 _aجودر :
_bالصياد و الخرج المرصود : قصة من ألف ليلة و ليلة.
264 1 _aالجيزة، مصر :
_bأطياف للنشر والتوزيع،
_c2024.
300 _a80 صفحة ؛
_c24 سم
336 _2rdacontent
_aنص
_btxt
337 _2rdamedia
_aبدون وسيط
_bn
338 _2rdacarrier
_aمجلد
_bnc
590 _aدعاء
650 7 _2BUEsh
_aالقصص الشعبية.
_98633
650 7 _2BUEsh
_aالأدب الشعبي
651 _2BUEsh
653 _bGGEN
_cDecember2024
655 _vReading book
942 _2ddc
999 _c30837
_d30808